Vnútropodnikový controlling

Na minha lista:
Detalhes bibliográficos
Autor principal: Foltínová, Alžbeta
Outros Autores: Kalafutová, Ľudmila
Formato: Livro
Idioma:eslovaco
Publicado em: Bratislava Elita 1998
Assuntos:
Tags: Adicionar Tag
Sem tags, seja o primeiro a adicionar uma tag!

MARC

LEADER 00000nam a2200000 4500
001 c102511
005 20221123133703.1
020 |a 80-8044-054-9 
041 0 |a slo 
044 |a SK 
245 1 0 |a Vnútropodnikový controlling  |c Alžbeta Foltínová- Ľudmila Kalafutová 
264 1 |a Bratislava  |b Elita  |c 1998 
300 |a 251 s. 
610 2 0 |a kontroling 
610 2 0 |a manažment 
610 2 0 |a podnik 
610 2 0 |a riadenie vnútropodnikové 
610 2 0 |a výsledok hospodársky 
610 2 0 |a náklady 
610 2 0 |a výnosy 
610 2 0 |a kalkulácia nákladov 
610 2 0 |a účtovníctvo vnútropodnikové 
610 2 0 |a výkony vnútropodnikové 
610 2 0 |a zásoby 
610 2 0 |a štruktúra podniku finančná 
610 2 0 |a strediská hospodárske 
100 1 |a Foltínová, Alžbeta 
700 1 |a Kalafutová, Ľudmila